Deaths by Date and Cause Quiz #4 - Statistics

General Stats
  • This quiz has been taken 241 times
  • The average score is 7 of 26
Answer Stats
Year Where How Person % Correct
1994 New York Non-Hodgkin lymphoma Jacqueline Kennedy Onassis
71%
2013 Johannesburg Lung Infection Nelson Mandela
71%
1779 Hawaii Stabbed to Death James Cook
69%
1323 BC Egypt Accident Tutankhamun
58%
1924 Gorki near Moscow Disease of the Blood Vessels Vladimir Lenin
56%
1982 Monaco Car Accident Grace Kelly
46%
1940 Coyoacán Assassination with an Ice Axe Leon Trotsky
43%
1227 Yinchuan Killed in Battle or fell from his Horse Genghis Khan
39%
1794 Paris Execution Maximilien Robespierre
37%
480 BC Thermopylae Killed in Battle Leonidas I
34%
1945 Lüneburg Suicide by cyanide poisoning Heinrich Himmler
31%
1963 Dallas Assassination Lee Harvey Oswald
31%
2016 New York City Liver Cancer David Bowie
24%
1199 Châlus Shot by Crossbow Richard I
21%
1890 Auvers-sur-Oise Suicide Vincent van Gogh
21%
1919 Berlin Assassination Rosa Luxemburg
14%
1961 Ketchum Suicide Ernest Hemingway
13%
1920 Athens Ape-Attack Alexander of Greece
11%
1321 Ravenna Malaria Dante Alighieri
9%
2371 Veridian III Crashed to Death James T. Kirk
9%
1942 Prague Assassination Reinhard Heydrich
9%
1900 Weimar Frontotemporal Dementia Friedrich Nietzsche
6%
1919 Berlin Assassination Karl Liebknecht
6%
1985 De Kalb Plane Crash Ricky Nelson
4%
1632 Ingolstadt Tetanus after beeing shot Johann Tserclaes, Count of Tilly
2%
1949 Atlanta Car Accident Margaret Mitchell
1%
No matching quizzes found
Score Distribution
Percent of People with Each Score
Percentile by Number Answered
Your Score History
You have not taken this quiz